Dobšinská ľadová jaskyňa

Zobrazenie: pohľad na ľadové útvary, uprostred nich sa nachádza jeden v tvare ľudskej postavy

Podrobná bibliografia
Médium: Pohľadnica
Jazyk:slovenčina
Fyzický popis:1 pohľadnica farebná 14 x 9 cm
Vydavateľské údaje: Dobšiná Miestny nár. výbor 1948
Predmet:

MARC

LEADER 00000nkm a2200000 a 4500
001 vtls010867779
003 SK-MaSNL
005 20260512125105.0
007 kp co
008 231214s1948 xo g 00 kuslo
015 |a SNBG1948 
035 |a 053A2E60-B6E2-4DBE-8F60-E31322BD2B55 
035 |a urn:nbn:sk:snk-kmy0ck 
035 |a urn:nbn:sk:snk-km007xmo 
040 |a SNK  |b slo  |c SNK  |e AACR2 
041 0 |a slo 
043 |a e-xo--- 
044 |a xo  |c SK 
080 |a (084.121)  |2 2001 
080 |a 551.444.6  |2 2001 
080 |a 913(437.6)  |2 2001 
245 0 0 |a Dobšinská ľadová jaskyňa  |h grafika 
260 |a Dobšiná  |b Miestny nár. výbor  |c 1948 
300 |a 1 pohľadnica  |b farebná  |c 14 x 9 cm 
520 8 |a Zobrazenie: pohľad na ľadové útvary, uprostred nich sa nachádza jeden v tvare ľudskej postavy 
650 0 7 |a jaskyne  |2 SNKPH  |9 20772 
651 7 |a Dobšinská ľadová jaskyňa (Slovensko)  |2 SNKPH  |9 20637 
651 7 |a Národný park Slovenský raj (Slovensko)  |2 SNKPH  |9 14391 
651 7 |a Gočovo (Slovensko)  |2 SNKPH  |9 58511 
655 7 |a miestne pohľadnice  |2 SNKPH  |9 70510 
852 |a Slovenská národná knižnica 
958 |a GC 
958 |a GBN 
958 |a OND 
999 |c 1014374  |d 1016304 
952 |a SNK  |b SNK  |y PREZ  |7 0  |p 17A1164374  |o snkSP 5957  |0 0  |1 0  |4 0  |d 2015-09-09  |l 0  |r 2026-02-24 13:04:15  |w 2026-02-24